00600nam a2200193 a 450000100060000000300080000600500170001400800410003103500190007204000270009104100080011808200260012624500700015226000380022230000360026050400410029665000220033770000470035956171BD-RjUL20211209080349.0161127s1964 nyua b 000 0 eng  a(BD-RjUL)56295 aDLCcOYUdBD-RjULbeng aeng a541.394223bCAT 196400aCatalysis and chemical kinetics /cby A. A. Balandin [and others] aNew York :bAcademic Press,c1964 axii, 255 p. :billus. ;c24 cm. aIncludes bibliographical references. aChemical kinetics1 aBalandin, Alekseĭ Aleksandrovich,d1898-